000 00335nam a22001337a 4500
020 _qPB.
040 _cFIZZA ISHAQ
082 _a589.2
_bHER
100 _aZIM,S.HERBERT.
_9134026
245 _aA GOLDEN GUIDE BIRDS /
_cHERBERT S.ZIM.
260 _aNEW YORK ;
_bGOLDEN PRESS,
_c1949.
300 _a160 P. ;
_c6.2X4.1IN
942 _2ddc
_cBK
999 _c616950
_d616950